000 00731nam a2200205 i 4500
001 114328
003 ES-MaACL
005 20250930063116.0
007 t|
008 061121s1978 sp s001 0 spa d
020 _a84-500-2803-5
100 1 _aOrtiz Armengol, Pedro,
_d1922-2009
_987578
245 1 0 _aRelojes y tiempo en "Fortunata y Jacinta"
_b: cronología de una novela de Galdós /
_c[por] Pedro Ortiz Armengol.
260 _aLas Palmas :
_bCabildo Insular de Gran Canaria,
_c[1978]
300 _a87 p. ;
_c24 cm.
600 1 7 _aPérez Galdós, Benito,
_d1843-1920.
_tFortunata y Jacinta
_2
_9167585
710 1 _aGran Canaria.
_bCabildo Insular.
_92264
852 _aES-MaACL
_jA-10556
999 _c114328
_d114328